000 00741nam a2200133Ia 4500
008 220620s9999||||xx |||||||||||||| ||und||
022 _a16648714
100 _aPablo Gomez||Gary Lupyan||Franklin Chang||Julien Mayor
245 0 _a50 years after the perceptron, 25 years after PDP: Neural computation in language sciences
546 _aEnglish[eng]
650 _acomputational linguistics||language acquisition||probabilistic cognition||Recurrent networks||connectionism||computational modeling||word learning||interactive processing||Speech Perception||language processing
856 _uhttp://journal.frontiersin.org/researchtopic/1287/50-years-after-the-perceptron-25-years-after-pdp-neural-computation-in-language-sciences
942 _cEB
999 _c29021
_d29021